Gwiazdy lat 60. XX wieku według zdjęć #2 - Statystyki

Ogólne statystyki
  • Ten quiz został rozwiązany 14 razy
  • Średni wynik to 8 z 16
Statystyki odpowiedzi
Obrazkowy Odpowiedź % Poprawnych
Jimi Hendrix
92%
Barbra Streisand
75%
Dustin Hoffman
75%
Robert Redford
75%
Aretha Franklin
58%
George Harrison
58%
Jackie Kennedy
58%
Michael Caine
58%
Sean Connery
58%
Liberace
42%
Lyndon B. Johnson
42%
Malcolm X
42%
Twiggy
42%
Peter O'Toole
33%
Shirley MacLaine
33%
Glen Campbell
0%
Nie znaleziono quizów pasujących do podanych kryteriów
Rozkład punktacji
Procent ludzi z każdym wynikiem
Percentyl według liczby udzielonych odpowiedzi
Twoja historia wyników
Nie rozwiązałeś tego quizu